000 00596nam a2200193Ia 4500
003 GCL
008 140319s9999 xx 000 0 ara d
040 _aGCL /
_cGCL
082 0 4 _a813.009
_bس ت
100 1 _aسعيد يقطين
245 1 0 _aتحليل الخطاب الروائى الزمن -السرد -التبئير /
_cسعيد يقطين
260 _a[S.N] :
_bالمركز الثقافى العربى ،
_c1993
300 _a390 ص
490 _a
650 0 4 _aالقصص العربية
650 0 4 _aالاسلوب , علم
650 0 4 _aتاريخ ونقد
942 _2ddc
_cBK
999 _c28344
_d28344